| 000 | 00652cam a22002413a 4500 | ||
|---|---|---|---|
| 001 | 13810 | ||
| 003 | PGUSA | ||
| 005 | 20140828083309.0 | ||
| 008 | 041020s2004||||xxu|||||s|||||000 1 eng d | ||
| 040 |
_aPGUSA _beng |
||
| 042 | _adc | ||
| 050 | 4 | _aPT | |
| 100 | 1 |
_aMann, Thomas, _d1875-1955 |
|
| 245 | 1 | 0 |
_aTristan _h[electronic resource] / _cThomas Mann |
| 260 |
_bProject Gutenberg, _c2004 |
||
| 506 | _aPublic domain in the USA. | ||
| 516 | _aElectronic text | ||
| 653 | _aGermany, Southern -- Fiction | ||
| 653 | _aArtists -- Fiction | ||
| 830 | 0 |
_aProject Gutenberg _v13810 |
|
| 856 | 4 | 0 | _uhttp://www.gutenberg.org/ebooks/13810 |
| 942 | _cEB | ||
| 999 |
_c243065 _d243065 |
||